| Tag |
First Indicator |
Second Indicator |
Subfields |
| LEADER |
00000cam a2200000 a 4500 |
| 001 |
in00000435310 |
| 005 |
20151012070715.0 |
| 008 |
870228s1966 txuaf 00010 eng d |
| 035 |
|
|
|a (OCoLC)15254011
|
| 035 |
|
|
|9 ABW6119AM
|
| 040 |
|
|
|a TXA
|c TXA
|d UtOrBLW
|
| 049 |
|
|
|a TXAM
|c [A08552511]
|
| 090 |
|
|
|a PS3553.L2853
|b S3 1966
|
| 100 |
1 |
|
|a Clark, I. E.,
|d 1919-2007.
|
| 245 |
1 |
4 |
|a The school for husbands :
|b [a one-act version /
|c adapted by I. E. Clark].
|
| 264 |
|
1 |
|a Schulenburg, TX :
|b I.E. Clark, Inc.,
|c [1966]
|
| 264 |
|
4 |
|c ©1966
|
| 300 |
|
|
|a 22 pages :
|b illustrations ;
|c 21 cm.
|
| 336 |
|
|
|a text
|b txt
|2 rdacontent
|
| 337 |
|
|
|a unmediated
|b n
|2 rdamedia
|
| 338 |
|
|
|a volume
|b nc
|2 rdacarrier
|
| 500 |
|
|
|a An adaptation of Moliere's play L'ecole des maris.
|
| 700 |
1 |
|
|a Molière,
|d 1622-1673.
|t L'ecole des maris.
|
| 999 |
|
|
|a MARS
|
| 999 |
f |
f |
|s 3501800e-c43e-3bff-bf71-968748ff6dae
|i 9875eabe-0d1d-3eca-a5d2-6bbf48581a84
|t 0
|
| 952 |
f |
f |
|p ric
|a Texas A&M University
|b Rellis Campus
|c Joint Library Facility
|d Remote Storage
|t 0
|e PS3553.L2853 S3 1966
|h Library of Congress classification
|i unmediated -- volume
|m A14808552511
|
| 998 |
f |
f |
|a PS3553.L2853 S3 1966
|t 0
|l Remote Storage
|